| 000 | 00503nam a2200169 4500 | ||
|---|---|---|---|
| 008 | 01990 1989 0a 000 0MEX | ||
| 020 | _a968-422-357-9 | ||
| 050 | _aTJ211 F949 | ||
| 082 | _a001.535 F667r | ||
| 100 | _aFu, K. S. | ||
| 245 | _aROBOTICA: Control, detección, visión e inteligencia | ||
| 260 | _aMéxico : McGraw-Hill | ||
| 300 | _axiii,599 p. / 23 cm | ||
| 500 | _aIncluye Indice, apendice, bibliografia. | ||
| 650 | _a1. ROBOTICA | ||
| 700 | _aGonzalez, R.C. \ Lee, C. S. G. | ||
| 999 |
_c11732 _d11732 |
||